Prevenció de riscos laborals : línies d'actuació de la Diputació de Barcelona : octubre 1999 línies d'actuació de la Diputació de Barcelona : octubre 1999
Descripción Física:
45 pàgines ; 30 cm
Idioma:
Catalán
MARC
| LEADER | 00000nam a2200000uc 4500 | ||
|---|---|---|---|
| 001 | 26013886 | ||
| 008 | s1999||||sp ||||gr|||| ||| ||cat|d | ||
| 040 | |a BGR |b cat | ||
| 110 | 1 | |a Barcelona (Catalunya : Província). |b Diputació |9 52408 | |
| 245 | 0 | 0 | |a Prevenció de riscos laborals : |b línies d'actuació de la Diputació de Barcelona : octubre 1999 |
| 260 | |a Barcelona : |b Diputació. Xarxa de Municipis, |c 1999 | ||
| 300 | |a 45 pàgines ; |c 30 cm | ||
| 500 | |a També: anuncis i decrets publicats al BOP, any 2000 a 2004 | ||
| 650 | 1 | 0 | |a Seguretat en el treball |9 48889 |2 Arxiu |x Barcelona (Província) |
| 655 | 0 | |9 52956 |a Manuals, vademècums, etc. | |
| 942 | |c ARXIU |2 udc |n 1 | ||
| 952 | |0 0 |1 0 |4 0 |6 BIB744 |7 1 |9 62593 |a Arxiu |b Arxiu |d 2022-06-30 |l 0 |o Bib-744 |p 26106 |r 2022-06-30 00:00:00 |w 2022-06-30 |y ARXIU |z Donatiu BGR | ||
| 999 | |c 20151 |d 20151 | ||